[Event "CZE-ch U12 Girls"]
[Site "Kouty nad Desnou"]
[Date "2020.03.11"]
[Round "6"]
[White "Hosova, Stella"]
[Black "Ojrzynska, Klara"]
[Result "1-0"]
[WhiteElo "1047"]
[BlackElo "1057"]
[PlyCount "73"]
[EventDate "2020.03.07"]
[EventType "swiss"]
[EventRounds "7"]
[EventCountry "CZE"]
[SourceTitle "CBM 195 Extra"]
[Source "ChessBase"]
[SourceDate "2020.05.31"]
[SourceVersion "1"]
[SourceVersionDate "2020.05.31"]
[SourceQuality "1"]

1. d4 d5 2. Bf4 Nf6 3. e3 Bf5 4. c3 e6 5. Nf3 c5 6. Qa4+ Nc6 7. Ne5 Qb6 8. Bb5 Rc8 9. Nd2 c4 10. Ndf3 a6 11. Bxc6+ bxc6 12. 0-0 Ng4 13. Nxg4 Bxg4 14. Ne5 Bf5 15. Rfe1 Be7 16. Qd1 Qxb2 17. Qa4 Qb5 18. Qd1 Bf6 19. Qf3 Qb2 20. Qh5 Rf8 21. Rec1 a5 22. Nf3 a4 23. Bd6 Be7 24. Be5 Bg6 25. Qg4 f6 26. Bg3 f5 27. Qf4 Qa3 28. Rcb1 Qxc3 29. Ng5 Bxg5 30. Qxg5 Qa5 31. Qf4 c3 32. Qd6 Bf7 33. Rb7 Qd8 34. Qxd8+ Rxd8 35. Bh4 Rd7 36. Rb8+ Rd8 37. Rxd8# 1-0